| 000 | 00360nam a2200121Ia 4500 | ||
|---|---|---|---|
| 008 | 191014s9999 xx 000 0 und d | ||
| 082 |
_a301.072 _bKID |
||
| 100 |
_aLouise H. Kidder, Charles M. Judd _920561 |
||
| 245 | 0 | _aResearch Methods in social Relations ( Fifth Edition) | |
| 260 |
_aPakistan _bNational Books Fundation |
||
| 300 | _aXii,563 | ||
| 942 | _cBK | ||
| 999 |
_c531154 _d531154 |
||